000 01002nam a2200241Ia 4500
003 IN-BaIIA
008 211028s9999 xx 000 0 eng d
020 _a4-946443-44-4
040 _cIIA Library
080 _a524.354
_bNEU
111 _aInternational Conference on Neutron Stars and Pulsars Thirty Years After The Discovery
_cTokyo, Japan
_d1997 Nov. 17-20
_924007
245 0 _aNeutron stars and pulsars
_bproceedings of the international conference on neutron stars and pulsars thirty years after the discovery, held in Tokyo, Japan, November 17-20, 1997
_cedited by N. Shibazaki…[et al.]
260 _aTokyo
_bUniversal Academy Press
_c1998
300 _axvi, 564p.
490 _aFrontiers science series; no. 24
650 _aAstronomy
_980
650 _aInternet
_919716
700 _aKawai, N., ed.
_924008
700 _aKifune, T., ed.
_924009
700 _aShibata, S., ed.
_924010
700 _aShibazaki, N., ed.
_924011
942 _cBK
999 _c13661
_d13661